Biblioteca

The perfect prodigal (Registro nro. 69395)

Detalles MARC
000 -LÍDER
Campo fijo de descripción fija 00831nab a2200205 i 4500
001 - NÚMERO DE CONTROL
Campo de control 768714001
003 - IDENTIFICADOR DEL NÚMERO DE CONTROL
Campo de control CO-MdFUSB
005 - FECHA Y HORA DE LA ULTIMA TRANSACCIÓN
control field 20240426085022.0
008 - ELEMENTOS DE LONGITUD FIJA -- INFORMACIÓN GENERAL
Campo fijo de descripción fija -- Información general 240425t1981 us ||||| |||| 00| 0 eng d
040 ## - FUENTE DE CATALOGACIÓN
Idioma de catalogación spa
Agencia que realiza la transcripción CO-MdFUSB
Agencia que realiza la modificación CO-MdFUSB
041 ## - CÓDIGO DE IDIOMA
Código de idioma para texto/pista de sonido o título separado eng
100 ## - ASIENTO PRINCIPAL--NOMBRE PERSONAL
Nombre personal Fickett, Harold,
Término relacionador autor
245 ## - TÍTULO
Título The perfect prodigal
Mención de responsabilidad / Harold Fickett
300 ## - DESCRIPCIÓN FÍSICA
Extensión Volumen 2, número 4 (fall, 1981), páginas: 78 - 95
Dimensiones ; 27 cm
520 ## - NOTA DE RESUMEN, ETC.
Nota de sumario, etc. El perfecto hijo pródigo, es el relato del tortuoso viaje de un joven ministro a través de la depresión y el agotamiento, y su lucha por recuperar la salud emocional.<br/>
546 ## - NOTA DE IDIOMA
Nota de idioma Texto en inglés.
653 ## - TÉRMINO DE INDIZACIÓN - NO CONTROLADO
Término no controlado Salud emocional
773 0# - ASIENTO DE ITEM FUENTE
Biblionumber 68780
Itemnumber 82550
Otro identificador del ítem R2484
Título Leadership :
Número de control del registro (CO-MdFUSB)768714001
Parte(s) relacionada(s) / Volumen., número. (mes año), páginas Volumen 2, número 4 (fall, 1981), páginas: 78 - 95
Enumeración y primera página página: 78
942 ## - TIPO DE MATERIAL (KOHA)
Tipo de Item KOHA Artículos de Revista

No hay ítems disponibles.

Biblioteca FUSBC | Teléfono: (57+4) 349 88 10 Ext. 141| WhatsApp (+57) 3005338115 
E-mail: biblioteca@unisbc.edu.co | Calle 76 87-14 Robledo Palenque, Medellín, Colombia

Con tecnología Koha